Trabajo país...constructores de esperanza

Saved in:
Bibliografiske detaljer
Institution som forfatter: Pontificia Universidad Católica de Chile (Author)
Format: Bog
Sprog:spansk
Udgivet: Santiago Pastoral UC 2009
Fag:
Tags: Tilføj Tag
Ingen Tags, Vær først til at tagge denne postø!

MARC

LEADER 00000nam a2200000 a 4500
001 UCG1217
003 CL-VaPUC
008 100429e20090000CL |||||||||||||||||spa|d
082 0 4 |a 361.8  |b PON  |2 21 
110 2 |a Pontificia Universidad Católica de Chile  |e author  |9 549011 
245 1 0 |a Trabajo país...constructores de esperanza 
300 |a 171 p 
942 |c BK 
945 |d 20100429 00:00:00  |a rbrito 
260 |a Santiago  |b Pastoral UC  |c 2009 
650 0 |a Trabajo comunitario  |9 337627 
650 0 |a Acción social  |9 307836 
650 0 |a Trabajo voluntario   |9 549012 
650 0 |a Estudiantes universitarios  |9 334744 
583 |a last modification  |c 20100429 00:00:00  |k Rodrigo Vera 
999 |c 340626  |d 340624 
952 |0 0  |1 0  |4 0  |6 361_800000000000000_PON_2009  |7 0  |8 A  |9 435497  |a BIBGIM  |b BIBGIM  |d 2019-11-22  |i 4667476  |o 361.8 PON 2009  |p 4667476  |r 2025-01-15  |w 2019-11-22  |y BK  |k SSL